000 00460 a2200121 4500
020 _a084930847X (CRC)
020 _a1855734230 (Woodhead)
082 _a620.1185 REI
100 _aReid,S.R.
245 _aImpact behaviour of fibre-reinforced composite materials and structures /
_cedited by S R Reid and G Zhou.
260 _aBoca Raton :
_bCRC Press ;
_aCambridge, England :
_bWoodhead Pub.,
_c2000.
300 _axiii, 303 p. :
_bill. ;
_c24 cm.
650 _aFibrous composites
_xImpact testing.
999 _c825
_d825